000 02735nam a2200517 c 4500
003 BLK
005 20250426143526.0
008 180408b bul|||||r ||||||| ||bul||
010 _aKNG00054924000
020 _a954-8041-20-0
_bиздат.: Огледало - на том(ч. 4, т. 1)
040 _aBLK
041 _aBUL
_cBUL
080 _aДвижения в полза на определени раси и националности (ционизъм, негърският въпрос в САЩ и др.)
_b323.13
_x(=924)(091)
_z323.13(=924)(091)
080 _aДвижения срещу определени раси и националности
_b323.12
_x(=924)
_z323.12(=924)
080 _aЕврейска религия. Юдаизъм-Тора, пророци, Писания(Танах(Тенак)или Библия). Талмуд, Мидраш, Зоар(Устния закон). Секти(самаряни, фарисеи, садукеи, есейски и кумрански общини, прозелити. Халак
_b26
_x
_z26
080 _aИстория на Втората световна война (1939-1945)
_b940.53
_x
_z940.53
080 _aМеждународни политически отношения. Световна политика. Международна политика. Дипломация
_b327
_x
_z327
100 1 _aИфандиев, Георги Менелаев
_eпърви автор
_973236
139 _aИфандиев, Георги Менелаев
_bИ 96
245 1 0 _aСянката на Цион
_bЧ. 1 -
_cГеорги Менелаев Ифандиев.
_nЧ. 4. Т. 1
257 _aBGR
260 София
_c2003 -
300 _c20 см
380 _a9
500 _aОфс. изд. - Библиогр. с. 235-268.
504 _a235-268
650 4 _aЦионизъм
_9177316
650 4 _aЕвропа - история
_9255665
650 4 _aЕвреи - история
_9245385
650 4 _aЮдаизъм
_9177984
650 4 _aЕврейски въпрос
_9265152
650 4 _aВтора световна война - жестокости
_9265154
650 0 _aМеждународни отношения
_9245477
653 _aевреи
653 _aистория
653 _aционизъм
653 _aеврейски въпрос
653 _aмеждународни отношения
760 1 _3- на том(ч. 4, т. 1)
_aИфандиев, Георги Менелаев
_dОгледало, 2005
_h269 с.
_tЧ. 4. Т. 1
852 _aЦб 213602
856 4 _qpdf
_u
856 4 _qpdf
_u
942 _cKNG
_n0
_04
944 _aCR
_c22.08.2005
_lСевдалина Тодорова
_k30540
944 _aED
_c19.11.2010
_lф /
_k
999 _c51026
_d51026